| 000 | 00691cam a22002411 4500 | ||
|---|---|---|---|
| 001 | 4040 | ||
| 003 | BD-RjUL | ||
| 005 | 20211208233825.0 | ||
| 008 | 131221s1954 enk 001 0 eng | ||
| 035 | _a(BD-RjUL)4074 | ||
| 035 | _a(OCoLC)3111984 | ||
| 040 |
_aDLC _cOC _dUk _dDLC _beng |
||
| 041 | _aeng | ||
| 082 | 0 | 0 |
_a332.4942 _218 _bHAT 1954 |
| 100 | 1 |
_aHawtrey, R. G. _q(Ralph George), _d1879-1975. _95930 |
|
| 245 | 1 | 0 |
_aTowards the rescue of sterling / _cR G Hawtrey. |
| 260 |
_aLondon ; _aNew York : _bLongmans, Green ; _c1954. |
||
| 300 |
_a159 p. ; _c19 cm. |
||
| 650 | 0 |
_aCurrency question _zGreat Britain. _912854 |
|
| 942 |
_2ddc _cBK |
||
| 999 |
_c4040 _d4040 |
||